|
|
|
|
| LEADER |
00000nam0a2200000 4500 |
| 001 |
80194 |
| 005 |
20231031094516.0 |
| 010 |
|
|
|a 5943717765
|b (в пер.)
|b 8000 экз.
|
| 021 |
|
|
|a RU
|b 05-12854
|9 05-655
|
| 035 |
|
|
|a (RuTPU)RU\TPU\book\86193
|
| 090 |
|
|
|a 80194
|
| 100 |
|
|
|a 20050901d2005 m y0rusy5002 ca
|
| 101 |
1 |
|
|a rus
|c pol
|
| 102 |
|
|
|a RU
|
| 105 |
|
|
|a y z 000ay
|
| 200 |
1 |
|
|a Блудный брат
|e пер. с пол.
|f Е. Дембский
|g пер. К. Плешков
|
| 210 |
|
|
|a СПб.
|c Крылов
|d 2005
|
| 215 |
|
|
|a 379, [1] с.
|
| 225 |
1 |
|
|a Мужской клуб
|i Фантастическая авантюра
|
| 330 |
|
|
|a Вряд ли Оуэн Йитс мог предполагать, что явившийся к нему таинственный посетитель окажется старшим братом, которого он никогда не видел. Но... разве можно отказать в помощи собственному брату? Вот так и началось очередное частное расследование. С новыми опасными приключениями и неожиданными встречами. С появлением давно, казалось бы, забытых противников с «той стороны мира»...
|
| 610 |
1 |
|
|a польская литература
|
| 610 |
1 |
|
|a романы
|
| 610 |
1 |
|
|a авантюрные романы
|
| 610 |
1 |
|
|a фантастика
|
| 675 |
|
|
|a 884
|v 3
|z rus
|
| 700 |
|
1 |
|a Дембский
|b Е.
|g Евгений
|4 070
|
| 702 |
|
1 |
|a Плешков
|b К.
|g Кирилл
|4 730
|
| 801 |
|
0 |
|a RU
|b RKP
|c 20050407
|g PSBO
|
| 801 |
|
1 |
|a RU
|b 63413507
|c 20050901
|g PSBO
|
| 801 |
|
2 |
|a RU
|b 63413507
|c 20060301
|g PSBO
|
| 942 |
|
|
|c BK
|